Statistics for Genocides and Atrocities

Click here to take the quiz!

General Stats

  • This quiz has been taken 351 times
  • The average score is 6 of 7

Answer Stats

HintAnswer% Correct
In 1933, Germany's Nazi Party implemented an organized strategy of persecution, murder and genocide that ended in the deaths of an estimated 6 million people. Who were they?.Jews
99%
In 1915, the Ottoman Empire rounded up, deported and executed more than 1 million of these people. Who were they?Armenians
90%
Beginning in 1991, Yugoslavia began to break up along ethnic lines. This led to a campaign of ethnic cleansing that claimed the lives of an estimated 100,000 people. In what country did this take place?Bosnia
88%
The Khmer Rouge took control of this country in 1975 and began a "re-education" campaign targeting political dissidents. Between 1.7 and 2 million people died. In what country did this take place?Cambodia
88%
Civil war broke out in this country in 1990, exacerbating tensions between the Tutsi minority and Hutu majority. What country was this?Rwanda
88%
For hundreds of years a mixture of colonial conflict, disease, specific atrocities and policies of discrimination led to the deaths of more than 9 million of these people by the U.S. government. Who were the people?Native Americans
80%
Over a decade ago the Government of this country carried out genocide against Darfuri civilians, murdering 300,000 & displacing over 2 million people. In what country did this happen?Sudan
73%

Score Distribution

Percentile by Number Answered

Percent of People with Each Score

Your Score History

You have not taken this quiz